National accounts studies, Norway (Record no. 36833)

MARC details
000 -LEADER
fixed length control field 00709cam a22002411 4500
001 - CONTROL NUMBER
control field l 54000006
003 - CONTROL NUMBER IDENTIFIER
control field DLC
005 - DATE AND TIME OF LATEST TRANSACTION
control field 20260227111543.0
008 - FIXED-LENGTH DATA ELEMENTS--GENERAL INFORMATION
fixed length control field 831014s1953 fr s 000 0 eng c
010 ## - LIBRARY OF CONGRESS CONTROL NUMBER
LC control number l 54000006
035 ## - SYSTEM CONTROL NUMBER
System control number (OCoLC)10016410
040 ## - CATALOGING SOURCE
Original cataloging agency U.S. Dept. of Labor. Library
Transcribing agency PBL
Modifying agency DLC
042 ## - AUTHENTICATION CODE
Authentication code premarc
050 00 - LIBRARY OF CONGRESS CALL NUMBER
Classification number HC370.I5
Item number O7
110 2# - MAIN ENTRY--CORPORATE NAME
Corporate name or jurisdiction name as entry element Organisation for European Economic Co-operation.
Subordinate unit National Accounts Research Unit.
245 10 - TITLE STATEMENT
Title National accounts studies, Norway
Statement of responsibility, etc. [by O. Hiorth]
260 ## - PUBLICATION, DISTRIBUTION, ETC.
Place of publication, distribution, etc. Paris
Date of publication, distribution, etc. [1953]
300 ## - PHYSICAL DESCRIPTION
Extent 132 p.
Dimensions 24 cm.
650 #0 - SUBJECT ADDED ENTRY--TOPICAL TERM
Topical term or geographic name entry element Finance, Public
Geographic subdivision Norway.
650 #0 - SUBJECT ADDED ENTRY--TOPICAL TERM
Topical term or geographic name entry element Income
Geographic subdivision Norway.
651 #0 - SUBJECT ADDED ENTRY--GEOGRAPHIC NAME
Geographic name Norway
Form subdivision Statistics.
700 1# - ADDED ENTRY--PERSONAL NAME
Personal name Hiorth, O.

No items available.

Powered by Koha